[Event "FRA-chT2 0910"]
[Site "France"]
[Date "2009.12.13"]
[Round "6.2"]
[White "Lejarre, Ludovic"]
[Black "Castaignet, Laurent"]
[Result "1-0"]
[WhiteElo "2370"]
[BlackElo "2184"]
[PlyCount "75"]
[EventDate "2009.09.27"]
[EventType "team"]
[EventRounds "11"]
[EventCountry "FRA"]
[SourceDate "2009.07.26"]

1. e4 c5 2. Nc3 e6 3. Nf3 d6 4. d4 cxd4 5. Nxd4 Nf6 6. Be2 Nc6 7. O-O Be7 8.
Be3 O-O 9. Kh1 Bd7 10. Ndb5 Qb8 11. a4 Rd8 12. f4 Be8 13. Bf3 Na5 14. Qe2 a6
15. Nd4 Nc6 16. Nb3 Qc7 17. Qf2 Nd7 18. a5 Nb4 19. f5 Nc5 20. fxe6 fxe6 21. Bg4
Bg6 22. Nxc5 dxc5 23. Bxe6+ Kh8 24. Nd5 Nxd5 25. Bxd5 Bd6 26. Bf4 Rf8 27. e5
Be7 28. Qg3 Qd7 29. c4 Bf5 30. Rad1 Qc8 31. Qb3 Bg4 32. Rde1 Qf5 33. h3 Qh5 34.
Kg1 Be2 35. Rf2 g5 36. Bg3 Rxf2 37. Bxf2 Rf8 38. Qc2 1-0

[Event "FRA-chT2 0910"]
[Site "France"]
[Date "2009.12.13"]
[Round "6.3"]
[White "Bonnaud, Remy"]
[Black "Demanghon, Jonathan"]
[Result "1/2-1/2"]
[WhiteElo "2215"]
[BlackElo "2218"]
[PlyCount "81"]
[EventDate "2009.09.27"]
[EventType "team"]
[EventRounds "11"]
[EventCountry "FRA"]
[SourceDate "2009.07.26"]

1. e4 e6 2. d4 d5 3. Nc3 Nf6 4. Bg5 Bb4 5. e5 h6 6. exf6 hxg5 7. fxg7 Rg8 8. h4
gxh4 9. Qg4 Qf6 10. Rxh4 Qxg7 11. Qxg7 Rxg7 12. Rh8+ Bf8 13. O-O-O Nc6 14. Nb5
f5 15. c4 a6 16. Nc3 Bd7 17. cxd5 exd5 18. Nxd5 O-O-O 19. Nf3 Rg6 20. Kb1 Rd6
21. Nc3 Bg7 22. Rxd8+ Kxd8 23. d5 Ne7 24. Bc4 Bxc3 25. bxc3 Bc6 26. Ne5 Bxd5
27. Bxd5 Rxd5 28. Kc2 Rxd1 29. Kxd1 Nd5 30. Kd2 Ke7 31. Nd3 Kd6 32. c4 Nf6 33.
Ke3 b5 34. Kd4 bxc4 35. Kxc4 Nd5 36. g3 Nb6+ 37. Kd4 Nd7 38. f3 c5+ 39. Kc4
Nb6+ 40. Kc3 Nd5+ 41. Kc4 1/2-1/2

[Event "FRA-chT2 0910"]
[Site "France"]
[Date "2009.12.13"]
[Round "6.5"]
[White "Glod, Philippe"]
[Black "Bleuzen, Cedric"]
[Result "0-1"]
[WhiteElo "2181"]
[BlackElo "2042"]
[PlyCount "78"]
[EventDate "2009.09.27"]
[EventType "team"]
[EventRounds "11"]
[EventCountry "FRA"]
[SourceDate "2009.07.26"]

1. e4 e6 2. d4 d5 3. e5 c5 4. c3 Nc6 5. Nf3 Qb6 6. a3 a5 7. Bd3 Bd7 8. O-O cxd4
9. cxd4 Nxd4 10. Nxd4 Qxd4 11. Nc3 Qb6 12. Bd2 Ne7 13. b4 axb4 14. axb4 Rxa1
15. Qxa1 Nc6 16. Ne2 Qc7 17. Rc1 Qxe5 18. Bc3 Qg5 19. f4 Qd8 20. b5 Qb6+ 21.
Kh1 Nb4 22. Bxb4 Bxb4 23. Qxg7 Rf8 24. Qb2 Bd6 25. Bxh7 Qxb5 26. Qc2 Ke7 27. f5
Rc8 28. f6+ Kd8 29. Qd1 Rxc1 30. Nxc1 Qb4 31. Qf1 Bb5 32. Nd3 Qd4 33. Qb1 Qh4
34. h3 Qg3 35. Kg1 Qe3+ 36. Kh1 Ba6 37. Ne1 Qe5 38. Nf3 Qxf6 39. Qb6+ Ke7 0-1

[Event "FRA-chT2 0910"]
[Site "France"]
[Date "2009.12.13"]
[Round "6.6"]
[White "Le Montagner, Yoann"]
[Black "Large, Laurent"]
[Result "1/2-1/2"]
[WhiteElo "2020"]
[BlackElo "2240"]
[PlyCount "65"]
[EventDate "2009.09.27"]
[EventType "team"]
[EventRounds "11"]
[EventCountry "FRA"]
[SourceDate "2009.07.26"]

1. e4 g6 2. d4 Bg7 3. Nc3 c6 4. Nf3 d6 5. h3 Nf6 6. a4 O-O 7. Bd3 b6 8. O-O Re8
9. e5 Nd5 10. Nxd5 cxd5 11. Bb5 Rf8 12. Bf4 a6 13. Bd3 dxe5 14. Nxe5 Qe8 15. c3
Nc6 16. Ng4 Bxg4 17. Qxg4 e5 18. dxe5 Nxe5 19. Bxe5 Qxe5 20. Rfe1 Qd6 21. Rad1
Qc5 22. Qe2 Qc6 23. Bc2 Rfe8 24. Qf3 Rxe1+ 25. Rxe1 Qc4 26. Re7 Rf8 27. Qe2
Qxe2 28. Rxe2 d4 29. cxd4 Bxd4 30. Bd3 a5 31. Bc4 Bc5 32. Rd2 Re8 33. g3
1/2-1/2

[Event "FRA-chT2 0910"]
[Site "France"]
[Date "2009.12.13"]
[Round "6.7"]
[White "Saglier, Paul"]
[Black "Bleuzen, Erwan"]
[Result "1/2-1/2"]
[WhiteElo "1902"]
[BlackElo "2046"]
[PlyCount "104"]
[EventDate "2009.09.27"]
[EventType "team"]
[EventRounds "11"]
[EventCountry "FRA"]
[SourceDate "2009.07.26"]

1. Nf3 c5 2. c4 d6 3. Nc3 e5 4. g3 f5 5. d3 Nf6 6. Bg2 Be7 7. O-O O-O 8. a3 Nc6
9. Rb1 a5 10. Bd2 Bd7 11. Ne1 h6 12. Nc2 g5 13. Nd5 f4 14. b4 axb4 15. axb4
cxb4 16. Ncxb4 Nd4 17. Bc3 Ba4 18. Nxe7+ Qxe7 19. Qd2 Nb3 20. Rxb3 Bxb3 21. Rb1
Ba4 22. Nd5 Nxd5 23. Bxd5+ Rf7 24. Rxb7 Qxb7 25. Bxb7 Rxb7 26. f3 Rb1+ 27. Kf2
Bd7 28. Qc2 Rab8 29. d4 Be8 30. dxe5 Rh1 31. Bb2 Rxh2+ 32. Kg1 fxg3 33. exd6
Rb7 34. Qc3 Bc6 35. Qh8+ Kf7 36. Qf6+ Ke8 37. Qe6+ Kf8 38. Qf6+ Ke8 39. Qe5+
Kf7 40. c5 Bxf3 41. Qf6+ Ke8 42. exf3 Rhxb2 43. Qe6+ Kf8 44. c6 Rb1+ 45. Kg2
R7b2+ 46. Kxg3 Rg1+ 47. Kh3 g4+ 48. fxg4 Rh1+ 49. Kg3 Rg1+ 50. Kh3 Rh1+ 51. Kg3
Rg1+ 52. Kh3 Rh1+ 1/2-1/2

[Event "FRA-chT2 0910"]
[Site "France"]
[Date "2009.12.13"]
[Round "6.1"]
[White "Gillet, Richard"]
[Black "Laurent, Julien G"]
[Result "0-1"]
[WhiteElo "2087"]
[BlackElo "2323"]
[PlyCount "92"]
[EventDate "2009.09.27"]
[EventType "team"]
[EventRounds "11"]
[EventCountry "FRA"]
[SourceDate "2009.07.26"]

1. e4 g6 2. d4 Bg7 3. Nc3 d6 4. Be3 a6 5. a4 b6 6. Qd2 Nd7 7. Nf3 Bb7 8. Bd3 e6
9. O-O h6 10. h3 Ne7 11. Nh2 e5 12. Ne2 Nf6 13. f3 exd4 14. Nxd4 c5 15. Ne2 d5
16. exd5 Nfxd5 17. c3 Nxe3 18. Qxe3 O-O 19. Be4 Nd5 20. Qf2 f5 21. Bc2 Qc7 22.
Rfe1 Rae8 23. Ng3 Bf6 24. Ngf1 Kg7 25. Rxe8 Rxe8 26. Re1 Rd8 27. Ne3 Nf4 28.
Rd1 Re8 29. Nhf1 b5 30. axb5 axb5 31. Qd2 Rd8 32. Qf2 b4 33. Rxd8 Qxd8 34. Nd1
bxc3 35. bxc3 Qe7 36. Kh1 Ne2 37. Ng3 Nxc3 38. Nxc3 Bxc3 39. Bxf5 Qe1+ 40. Qxe1
Bxe1 41. Be4 Bxe4 42. Nxe4 c4 43. Nc5 Kf6 44. Kg1 c3 45. Nd3 c2 46. Kf1 Bd2 0-1

[Event "FRA-chT2 0910"]
[Site "France"]
[Date "2009.12.13"]
[Round "6.2"]
[White "Bouget, Alexandre"]
[Black "Kahla, Souhaiel"]
[Result "1-0"]
[WhiteElo "2148"]
[BlackElo "2100"]
[PlyCount "85"]
[EventDate "2009.09.27"]
[EventType "team"]
[EventRounds "11"]
[EventCountry "FRA"]
[SourceDate "2009.07.26"]

1. d4 d5 2. c4 e6 3. Nc3 c6 4. e4 dxe4 5. Nxe4 Nf6 6. Nxf6+ Qxf6 7. Nf3 Bb4+ 8.
Bd2 Bxd2+ 9. Qxd2 O-O 10. Bd3 Rd8 11. O-O-O Nd7 12. Rhe1 b6 13. Ne5 Bb7 14. f4
g6 15. Be4 Rac8 16. Qe3 Nxe5 17. fxe5 Qe7 18. Qc3 Rd7 19. Rd2 Rcd8 20. Red1 Qg5
21. Kb1 Qf4 22. Qf3 Qxf3 23. Bxf3 h5 24. Kc2 Kf8 25. Kc3 Ke7 26. b4 Rc7 27. a4
Rdc8 28. Kb3 a6 29. Be4 Rd7 30. Rf2 Rcd8 31. Rdf1 f5 32. exf6+ Kf7 33. Rd2 Rxd4
34. Rxd4 Rxd4 35. Bxg6+ Kf8 36. Bxh5 b5 37. Rd1 c5 38. Rxd4 cxd4 39. axb5 axb5
40. cxb5 Bd5+ 41. Kc2 Bxg2 42. Bg6 e5 43. b6 1-0

[Event "FRA-chT2 0910"]
[Site "France"]
[Date "2009.12.13"]
[Round "6.3"]
[White "Baron, Daniel"]
[Black "Le Masle, Raphael"]
[Result "0-1"]
[WhiteElo "2086"]
[BlackElo "2075"]
[PlyCount "56"]
[EventDate "2009.09.27"]
[EventType "team"]
[EventRounds "11"]
[EventCountry "FRA"]
[SourceDate "2009.07.26"]

1. e4 c5 2. Nf3 d6 3. d4 cxd4 4. Nxd4 Nf6 5. Nc3 g6 6. Be3 Bg7 7. f3 Nc6 8. Qd2
Bd7 9. Bc4 Rc8 10. Bb3 h5 11. O-O-O Ne5 12. Kb1 a6 13. h3 h4 14. f4 Nc4 15.
Bxc4 Rxc4 16. e5 Nh5 17. e6 Bxe6 18. Nxe6 fxe6 19. Qd3 Qc8 20. Qxg6+ Kf8 21. f5
exf5 22. Bg5 Rxc3 23. Bxe7+ Kg8 24. bxc3 Rh6 25. Qg5 Qxc3 26. Kc1 Re6 27. Qf4
Qb2+ 28. Kd2 Re2+ 0-1

[Event "FRA-chT2 0910"]
[Site "France"]
[Date "2009.12.13"]
[Round "6.4"]
[White "Luco, Alain"]
[Black "Vallobra, Pierre"]
[Result "0-1"]
[WhiteElo "2148"]
[BlackElo "2055"]
[PlyCount "76"]
[EventDate "2009.09.27"]
[EventType "team"]
[EventRounds "11"]
[EventCountry "FRA"]
[SourceDate "2009.07.26"]

1. e4 e6 2. d4 d5 3. e5 c5 4. c3 Nc6 5. Nf3 Nh6 6. Bxh6 gxh6 7. Be2 Bd7 8. O-O
Bg7 9. Re1 O-O 10. Bd3 cxd4 11. cxd4 f6 12. Nc3 fxe5 13. dxe5 Qe7 14. Nb5 Rf4
15. g3 Rf7 16. Nd6 Rxf3 17. Qxf3 Nxe5 18. Rxe5 Bxe5 19. Nxb7 Rf8 20. Qe3 Qg7
21. Rd1 Kh8 22. Bb1 Bxb2 23. Nc5 e5 24. Nxd7 Qxd7 25. Qxh6 Qf7 26. Qe3 Bd4 27.
Rxd4 exd4 28. Qxd4+ Qf6 29. Qd2 Rf7 30. Bd3 Qd4 31. Qe3 Qxe3 32. fxe3 Rf3 33.
Bb5 Rxe3 34. Kf2 Ra3 35. Bc6 Rxa2+ 36. Ke3 Rxh2 37. Bxd5 Kg7 38. g4 Kf6 0-1

[Event "FRA-chT2 0910"]
[Site "France"]
[Date "2009.12.13"]
[Round "6.6"]
[White "Peyre, Thomas"]
[Black "Criton, Roland"]
[Result "1-0"]
[WhiteElo "2015"]
[BlackElo "1970"]
[PlyCount "63"]
[EventDate "2009.09.27"]
[EventType "team"]
[EventRounds "11"]
[EventCountry "FRA"]
[SourceDate "2009.07.26"]

1. e4 c6 2. d4 d5 3. Nc3 dxe4 4. Nxe4 Nf6 5. Nxf6+ gxf6 6. Be3 Bf5 7. Ne2 Qb6
8. Ng3 Bg6 9. Qc1 e6 10. Be2 Nd7 11. O-O Qc7 12. c4 Nb6 13. Rd1 O-O-O 14. Qc3
Be7 15. a4 f5 16. f4 c5 17. a5 Nd7 18. Bf3 Bf6 19. Ne2 a6 20. Qb3 cxd4 21. Bxd4
Bxd4+ 22. Nxd4 Nc5 23. Qe3 Kb8 24. b4 Ne4 25. b5 Rd6 26. Bxe4 fxe4 27. Nc6+ Kc8
28. Rxd6 Qxd6 29. Qb6 bxc6 30. bxc6 Qb8 31. Qxa6+ Kc7 32. Rd1 1-0

[Event "FRA-chT2 0910"]
[Site "France"]
[Date "2009.12.13"]
[Round "6.7"]
[White "Ernouf, Anthony"]
[Black "Villeseche, Yoann"]
[Result "1/2-1/2"]
[WhiteElo "1897"]
[BlackElo "1919"]
[PlyCount "60"]
[EventDate "2009.09.27"]
[EventType "team"]
[EventRounds "11"]
[EventCountry "FRA"]
[SourceDate "2009.07.26"]

1. d4 Nf6 2. e3 g6 3. Bd3 Bg7 4. f4 O-O 5. Nf3 d6 6. Nbd2 Nc6 7. c3 e5 8. fxe5
dxe5 9. O-O Qe7 10. e4 exd4 11. cxd4 Bg4 12. e5 Nd5 13. Nb3 Ncb4 14. Be4 Rad8
15. a3 Nc6 16. Qc2 f6 17. Qc4 Be6 18. Qb5 fxe5 19. Bg5 Bf6 20. Bh6 Rfe8 21.
Qxb7 Nxd4 22. Nbxd4 exd4 23. Qxa7 c5 24. Qa4 Ne3 25. Bxe3 dxe3 26. Bc6 Bd7 27.
Qc4+ Kg7 28. Bd5 Bb5 29. Qxb5 Rxd5 30. Rfe1 Qe4 1/2-1/2

[Event "FRA-chT2 0910"]
[Site "France"]
[Date "2009.12.13"]
[Round "6.8"]
[White "Josse, Mathilde"]
[Black "Champs, Sandra"]
[Result "1-0"]
[WhiteElo "1707"]
[BlackElo "1380"]
[PlyCount "97"]
[EventDate "2009.09.27"]
[EventType "team"]
[EventRounds "11"]
[EventCountry "FRA"]
[SourceDate "2009.07.26"]

1. e4 e5 2. Nf3 Nc6 3. Bb5 f6 4. O-O Nge7 5. Re1 d6 6. d4 Bd7 7. d5 Nb8 8.
Bxd7+ Nxd7 9. Be3 Ng6 10. Nbd2 Be7 11. Nf1 O-O 12. Ng3 Rf7 13. Nf5 Bf8 14. N3h4
Nxh4 15. Nxh4 g6 16. Qg4 Bg7 17. c4 b6 18. b4 Qe7 19. Bd2 Raf8 20. Nf3 f5 21.
Qg5 Rf6 22. exf5 gxf5 23. Nd4 Qf7 24. Ne6 Rc8 25. Qh4 Nf8 26. Ng5 Qg6 27. Re3
Qh6 28. Rh3 Qxh4 29. Rxh4 f4 30. Rh3 Rg6 31. Ne4 Nd7 32. a4 Rf8 33. Rf3 Nf6 34.
Nxf6+ Rfxf6 35. Raa3 Bh6 36. Kf1 e4 37. Rh3 f3 38. Bxh6 Rxh6 39. Rxh6 fxg2+ 40.
Kxg2 Rxh6 41. Re3 Rg6+ 42. Kf1 Rg4 43. h3 Rh4 44. Kg2 Kf7 45. Kg3 Rh6 46. Rxe4
Kf6 47. Re6+ Kg7 48. Re7+ Kf6 49. Rxc7 1-0

[Event "FRA-chT2 0910"]
[Site "France"]
[Date "2010.01.24"]
[Round "7.1"]
[White "David, Vincent"]
[Black "Gillet, Richard"]
[Result "1-0"]
[WhiteElo "2414"]
[BlackElo "2076"]
[PlyCount "49"]
[EventDate "2009.09.27"]
[EventType "team"]
[EventRounds "11"]
[EventCountry "FRA"]
[SourceDate "2009.07.26"]

1. d4 Nf6 2. c4 e6 3. Nf3 c5 4. d5 exd5 5. cxd5 d6 6. Nc3 g6 7. h3 Bg7 8. e4
O-O 9. Bd3 a6 10. a4 Re8 11. O-O Nbd7 12. Bf4 Qe7 13. Re1 Nh5 14. Bg5 Bf6 15.
Be3 Ne5 16. Be2 Nxf3+ 17. Bxf3 Ng7 18. Qd2 h5 19. Be2 Bd7 20. Bd3 g5 21. e5
Bxe5 22. Bxg5 f6 23. Bf4 Qf8 24. Bg6 Red8 25. Bh6 1-0

[Event "FRA-chT2 0910"]
[Site "France"]
[Date "2010.01.24"]
[Round "7.2"]
[White "Kahla, Souhaiel"]
[Black "Krauss, Michel"]
[Result "1-0"]
[WhiteElo "2098"]
[BlackElo "2129"]
[PlyCount "79"]
[EventDate "2009.09.27"]
[EventType "team"]
[EventRounds "11"]
[EventCountry "FRA"]
[SourceDate "2009.07.26"]

1. e4 e5 2. Nf3 Nc6 3. Bc4 Nf6 4. Ng5 d5 5. exd5 Nd4 6. c3 b5 7. cxd4 bxc4 8.
dxe5 Qxd5 9. O-O Bb7 10. Qf3 Qxf3 11. Nxf3 Nd5 12. d4 cxd3 13. Bd2 Be7 14. Nc3
O-O 15. Nxd5 Bxd5 16. Rfc1 c5 17. b3 Rac8 18. Rc3 Be4 19. Rc4 Bd5 20. Rc3 Be4
21. Re1 Bf5 22. Rec1 Rcd8 23. Be3 Rd5 24. Bf4 Rfd8 25. Nd2 g5 26. Bg3 h5 27. h3
Bf8 28. h4 Be7 29. hxg5 Bxg5 30. f4 Be7 31. Bf2 Rc8 32. b4 Rb8 33. bxc5 Rb2 34.
Nc4 Rxa2 35. Ne3 d2 36. Nxd5 dxc1=Q+ 37. Rxc1 Bd8 38. c6 Bb6 39. Bxb6 axb6 40.
Ne7+ 1-0

[Event "FRA-chT2 0910"]
[Site "France"]
[Date "2010.01.24"]
[Round "7.3"]
[White "Herdier, Goulwenn"]
[Black "Vallobra, Pierre"]
[Result "0-1"]
[WhiteElo "2149"]
[BlackElo "2052"]
[PlyCount "94"]
[EventDate "2009.09.27"]
[EventType "team"]
[EventRounds "11"]
[EventCountry "FRA"]
[SourceDate "2009.07.26"]

1. e4 e6 2. d4 d5 3. Nc3 Nf6 4. Bg5 Be7 5. e5 Nfd7 6. h4 a6 7. Qg4 Bxg5 8. hxg5
c5 9. g6 f5 10. Qg3 h6 11. Nf3 Qb6 12. O-O-O Nc6 13. Ne2 cxd4 14. Nexd4 Nxd4
15. Nxd4 Nc5 16. Qe3 Bd7 17. g4 fxg4 18. Be2 O-O-O 19. Bxg4 Rhf8 20. f3 Rde8
21. Rhe1 Na4 22. Nb3 Qxe3+ 23. Rxe3 Kc7 24. Nd4 Nb6 25. Rc3+ Kb8 26. b3 Na8 27.
Ne2 Bb5 28. Ng3 Re7 29. Nh5 Be8 30. Ng3 Bxg6 31. Ne2 Bf5 32. Bxf5 Rxf5 33. Re3
Nc7 34. a4 Ref7 35. Nd4 Rh5 36. Rg1 Rh3 37. Rg6 Re7 38. Re1 Rh4 39. c3 Rf4 40.
Reg1 Rff7 41. b4 Kc8 42. b5 Kd7 43. Kd2 axb5 44. axb5 Na8 45. R1g4 Nb6 46. f4
Nc4+ 47. Kd3 Rxf4 0-1

[Event "FRA-chT2 0910"]
[Site "France"]
[Date "2010.01.24"]
[Round "7.4"]
[White "Baron, Daniel"]
[Black "Salvaing, Jean Louis"]
[Result "1-0"]
[WhiteElo "2051"]
[BlackElo "2021"]
[PlyCount "101"]
[EventDate "2009.09.27"]
[EventType "team"]
[EventRounds "11"]
[EventCountry "FRA"]
[SourceDate "2009.07.26"]

1. e4 c5 2. Nf3 d6 3. d4 cxd4 4. Nxd4 Nf6 5. Nc3 a6 6. Be3 e5 7. Nb3 Be6 8. f3
Nbd7 9. Qd2 b5 10. a4 b4 11. Nd5 Nxd5 12. exd5 Bf5 13. Qxb4 Be7 14. Qd2 O-O 15.
Bd3 Bxd3 16. Qxd3 f5 17. O-O Qc7 18. Nd2 g6 19. Ra3 Rfb8 20. Rc3 Qa5 21. b3 Nf6
22. Nc4 Qxd5 23. Nb6 Qxd3 24. Rxd3 Ra7 25. Nd5 Rd7 26. Nxe7+ Rxe7 27. Rxd6 Kf7
28. Rxa6 Nd5 29. Bg5 Rc7 30. c4 Nc3 31. Re1 Rxb3 32. Rxe5 Rbb7 33. c5 Ra7 34.
Rf6+ Kg7 35. Rfe6 Nxa4 36. Re7+ Rxe7 37. Rxe7+ Rxe7 38. Bxe7 Kf7 39. Bd6 Ke6
40. Kf2 Kd5 41. Ke3 Nxc5 42. Bxc5 Kxc5 43. Kf4 Kd4 44. h4 Kd5 45. Kg5 Ke6 46.
Kh6 Kf6 47. g4 fxg4 48. fxg4 Kf7 49. Kxh7 Kf6 50. Kh6 Kf7 51. g5 1-0

[Event "FRA-chT2 0910"]
[Site "France"]
[Date "2010.01.24"]
[Round "7.5"]
[White "Valette, Christian"]
[Black "Criton, Roland"]
[Result "1/2-1/2"]
[WhiteElo "2098"]
[BlackElo "1997"]
[PlyCount "87"]
[EventDate "2009.09.27"]
[EventType "team"]
[EventRounds "11"]
[EventCountry "FRA"]
[SourceDate "2009.07.26"]

1. Nf3 Nf6 2. d4 d5 3. c4 c6 4. cxd5 cxd5 5. Nc3 Nc6 6. Bf4 a6 7. Ne5 Qb6 8.
Nxc6 Qxc6 9. Rc1 e6 10. e3 Bd7 11. Bd3 Rc8 12. O-O Qb6 13. Na4 Rxc1 14. Nxb6
Rxd1 15. Rxd1 Bb4 16. Rc1 Ba5 17. Nc8 O-O 18. Nd6 b5 19. Nb7 Bb6 20. b4 Rc8 21.
Nc5 Bxc5 22. Rxc5 Bc6 23. a4 Nd7 24. Rc2 Nb6 25. a5 Nc4 26. Kf1 Kf8 27. Ke2 Ke7
28. f3 Bb7 29. h4 g6 30. g4 Bc6 31. g5 Bb7 32. Ke1 Bc6 33. Rh2 Bb7 34. h5 Nd6
35. hxg6 hxg6 36. Bxd6+ Kxd6 37. Rh7 Rc7 38. Kd2 Re7 39. f4 Bc6 40. Ke2 Rc7 41.
Rh8 Re7 42. Kf3 Re8 43. Rh7 Re7 44. Kg4 1/2-1/2

[Event "FRA-chT2 0910"]
[Site "France"]
[Date "2010.01.24"]
[Round "7.6"]
[White "Baron, Romuald"]
[Black "Guichard, Hugo"]
[Result "0-1"]
[WhiteElo "1973"]
[BlackElo "1894"]
[PlyCount "128"]
[EventDate "2009.09.27"]
[EventType "team"]
[EventRounds "11"]
[EventCountry "FRA"]
[SourceDate "2009.07.26"]

1. e4 c5 2. Nf3 d6 3. d4 cxd4 4. Nxd4 Nf6 5. Nc3 a6 6. Be3 e5 7. Nb3 Be6 8. Qd2
Be7 9. f3 Qc7 10. O-O-O b5 11. Kb1 O-O 12. g4 Rc8 13. h4 b4 14. Na4 Nbd7 15.
Qf2 Bxg4 16. Bd3 Bh5 17. Nb6 Nxb6 18. Bxb6 Qb8 19. Ba5 Kh8 20. Rhg1 Rg8 21. Rd2
Bd8 22. Bxd8 Qxd8 23. Bc4 Qc7 24. Bd5 Rac8 25. Nc1 a5 26. Bb3 Qc5 27. Rg5 Qxf2
28. Rxf2 Rc7 29. Ne2 h6 30. Rg1 Rd8 31. Ng3 Bg6 32. Rd1 Nh5 33. Nxh5 Bxh5 34.
Rd5 Rc5 35. Kc1 Kg8 36. Kd2 Kf8 37. Kd3 Rxd5+ 38. exd5 Rc8 39. Ba4 Rc5 40. Bb3
f5 41. f4 e4+ 42. Kd4 Be8 43. c3 Bb5 44. a3 bxa3 45. bxa3 Bd3 46. Rb2 Rb5 47.
c4 Rb8 48. Kc3 a4 49. Bxa4 Rxb2 50. Kxb2 Bxc4 51. Bc6 Ba6 52. a4 Ke7 53. Kc3 e3
54. h5 Kd8 55. a5 Kc7 56. Ba4 Be2 57. Be8 Bg4 58. Kd3 e2 59. Kd2 Kb7 60. Bb5
Bxh5 61. Bd3 Bg4 62. a6+ Kb6 63. Ke1 h5 64. Kf2 h4 0-1

[Event "FRA-chT2 0910"]
[Site "France"]
[Date "2010.01.24"]
[Round "7.7"]
[White "Charrais, Kevin"]
[Black "Ernouf, Anthony"]
[Result "1-0"]
[WhiteElo "1872"]
[BlackElo "1905"]
[PlyCount "59"]
[EventDate "2009.09.27"]
[EventType "team"]
[EventRounds "11"]
[EventCountry "FRA"]
[SourceDate "2009.07.26"]

1. b3 d5 2. Bb2 c5 3. f4 Nc6 4. Nf3 e6 5. e3 Nf6 6. Be2 Be7 7. O-O O-O 8. Ne5
Qc7 9. Qe1 Nb4 10. Na3 a6 11. d3 b6 12. Qg3 Bb7 13. c3 Nc6 14. c4 Rfd8 15. cxd5
exd5 16. Nc2 Bc8 17. Rac1 Qb7 18. Nxc6 Qxc6 19. e4 dxe4 20. dxe4 Rd2 21. Bf3
Bf8 22. Bxf6 Qxf6 23. e5 Qf5 24. Ne3 Qd3 25. Bxa8 Rxa2 26. Rfd1 Qe2 27. Rd8 Be6
28. f5 Bxb3 29. f6 g6 30. Nf5 1-0

[Event "FRA-chT2 0910"]
[Site "France"]
[Date "2010.01.24"]
[Round "7.8"]
[White "Mottais, Marie"]
[Black "Jolly, Marie"]
[Result "0-1"]
[WhiteElo "1480"]
[BlackElo "1702"]
[PlyCount "78"]
[EventDate "2009.09.27"]
[EventType "team"]
[EventRounds "11"]
[EventCountry "FRA"]
[SourceDate "2009.07.26"]

1. e4 e6 2. Nf3 d5 3. d3 Nc6 4. Nc3 Bb4 5. Bd2 Nge7 6. a3 Ba5 7. d4 Bxc3 8.
Bxc3 dxe4 9. Ng5 Qd5 10. Qg4 Ng6 11. O-O-O Qf5 12. Qxf5 exf5 13. d5 Nce5 14.
Bb5+ Bd7 15. Bxd7+ Kxd7 16. h4 f6 17. Ne6 Rhg8 18. Nc5+ Kc8 19. d6 Nd7 20. Rd5
cxd6 21. Ne6 Ngf8 22. Rxd6 Nxe6 23. Rxe6 Kc7 24. Rd1 Rge8 25. Red6 Re7 26. Bb4
Rf7 27. h5 Re8 28. R1d4 Ne5 29. R4d5 Nc4 30. Rc5+ Kxd6 31. Rxc4+ Kd7 32. Rd4+
Kc8 33. Rd5 f4 34. Rf5 e3 35. Rxf4 e2 36. Be1 Rfe7 37. Rc4+ Kb8 38. Bd2 e1=Q+
39. Bxe1 Rxe1+ 0-1

[Event "FRA-chT2 0910"]
[Site "France"]
[Date "2010.01.24"]
[Round "7.1"]
[White "Jessel, Stephen"]
[Black "Navrotescu, Catalin"]
[Result "1/2-1/2"]
[WhiteElo "2286"]
[BlackElo "2444"]
[PlyCount "46"]
[EventDate "2009.09.27"]
[EventType "team"]
[EventRounds "11"]
[EventCountry "FRA"]
[SourceDate "2009.07.26"]

1. Nf3 g6 2. e4 d6 3. d4 Nf6 4. Nc3 Bg7 5. h3 O-O 6. Be3 a6 7. a4 Nc6 8. Be2 e5
9. d5 Ne7 10. Nd2 Ne8 11. O-O f5 12. f3 f4 13. Bf2 g5 14. a5 h5 15. Na4 Rf6 16.
c4 Rg6 17. c5 g4 18. fxg4 hxg4 19. hxg4 Nf6 20. cxd6 cxd6 21. Nb6 Rb8 22. Rc1
Bxg4 23. Bxg4 Rxg4 1/2-1/2

[Event "FRA-chT2 0910"]
[Site "France"]
[Date "2010.01.24"]
[Round "7.2"]
[White "Jolly, Jean Francois"]
[Black "Castaignet, Laurent"]
[Result "1-0"]
[WhiteElo "2417"]
[BlackElo "2184"]
[PlyCount "65"]
[EventDate "2009.09.27"]
[EventType "team"]
[EventRounds "11"]
[EventCountry "FRA"]
[SourceDate "2009.07.26"]

1. e4 c5 2. Nf3 e6 3. d4 cxd4 4. Nxd4 Nf6 5. Nc3 d6 6. Be2 Nc6 7. O-O Be7 8.
Be3 O-O 9. f4 Bd7 10. Qe1 Nxd4 11. Bxd4 Bc6 12. Qg3 a6 13. Rae1 b5 14. a3 Qd7
15. Kh1 a5 16. b4 axb4 17. axb4 Ra3 18. Bd3 g6 19. Qf2 d5 20. exd5 Nxd5 21.
Nxd5 Bxd5 22. f5 exf5 23. Bb2 Ra2 24. Qd4 Rxb2 25. Qxb2 Bd6 26. Re2 Qc6 27. Qd4
Rc8 28. Rd1 Bf8 29. Bxf5 Rd8 30. Be4 Qe6 31. Bf3 Bxf3 32. Rxe6 Rxd4 33. Rxd4
1-0

[Event "FRA-chT2 0910"]
[Site "France"]
[Date "2010.01.24"]
[Round "7.3"]
[White "Glod, Philippe"]
[Black "Amoyal, Pierre"]
[Result "1/2-1/2"]
[WhiteElo "2172"]
[BlackElo "2184"]
[PlyCount "111"]
[EventDate "2009.09.27"]
[EventType "team"]
[EventRounds "11"]
[EventCountry "FRA"]
[SourceDate "2009.07.26"]

1. e4 d5 2. exd5 Qxd5 3. Nc3 Qd6 4. d4 Nf6 5. Nf3 c6 6. Ne5 Nbd7 7. Nc4 Qc7 8.
Qf3 Nb6 9. h3 Be6 10. Ne5 Nbd5 11. Bc4 Rd8 12. O-O g6 13. Nxd5 Bxd5 14. Bxd5
Rxd5 15. Bf4 Qd8 16. Rad1 Bg7 17. c3 O-O 18. Nc4 Rf5 19. Ne3 Ra5 20. Ra1 Nd5
21. Nc4 Ra6 22. Be5 Bh6 23. Ne3 f6 24. Bg3 Nb6 25. Bf4 Bg7 26. Qe4 Qd7 27. Rfe1
Re8 28. Bg3 Ra5 29. Qc2 Nd5 30. Nc4 Ra6 31. a3 b5 32. Nd2 Rb6 33. Nb3 Qf5 34.
Qxf5 gxf5 35. Bd6 Kf7 36. Bb4 e5 37. Nc5 e4 38. Ba5 Rbb8 39. g3 Bf8 40. Nd7 Rb7
41. Nxf8 Rxf8 42. Bb4 Rg8 43. Kh2 h5 44. Rg1 Ke6 45. Rae1 Rh7 46. Bc5 a5 47. f3
e3 48. b3 f4 49. gxf4 Rxg1 50. Kxg1 Rg7+ 51. Kh2 Kf5 52. c4 Nxf4 53. Rxe3 Rg2+
54. Kh1 Rd2 55. cxb5 cxb5 56. h4 1/2-1/2

[Event "FRA-chT2 0910"]
[Site "France"]
[Date "2010.01.24"]
[Round "7.4"]
[White "Renault, Fabien"]
[Black "Large, Laurent"]
[Result "1/2-1/2"]
[WhiteElo "2193"]
[BlackElo "2235"]
[PlyCount "86"]
[EventDate "2009.09.27"]
[EventType "team"]
[EventRounds "11"]
[EventCountry "FRA"]
[SourceDate "2009.07.26"]

1. e4 c5 2. Nf3 g6 3. d4 cxd4 4. Nxd4 Bg7 5. c4 Nc6 6. Be3 Nf6 7. Nc3 O-O 8.
Be2 d6 9. O-O Bd7 10. Qd2 a5 11. f3 Nxd4 12. Bxd4 Bc6 13. Rac1 Nd7 14. Be3 Nc5
15. b3 Qb6 16. Nd5 Bxd5 17. cxd5 Rfc8 18. Rc4 Qd8 19. Rfc1 h5 20. g3 Kh7 21.
Kg2 b6 22. h3 Qf8 23. Bd3 Bh6 24. f4 Re8 25. g4 f6 26. Bb1 Kh8 27. e5 f5 28.
Qe2 b5 29. Rxc5 dxc5 30. gxh5 Qg8 31. Rxc5 gxh5+ 32. Kh2 Qg6 33. Rc6 e6 34.
Rxe6 Rxe6 35. dxe6 Rg8 36. Qf2 Qxe6 37. Bd3 a4 38. Bxb5 axb3 39. axb3 Qxb3 40.
Be2 Ra8 41. Qf3 Ra2 42. Kg2 h4 43. Kf2 Qc4 1/2-1/2